Souvenirs d'un insurgé: La Commune 1871

Αποθηκεύτηκε σε:
Λεπτομέρειες βιβλιογραφικής εγγραφής
Κύριος συγγραφέας: Martine, Paul (autor)
Μορφή: Βιβλίο
Γλώσσα:Γαλλικά
Έκδοση: París Librairie Académique Perrin 1971
Θέματα:
Ετικέτες: Προσθήκη ετικέτας
Δεν υπάρχουν, Καταχωρήστε ετικέτα πρώτοι!

MARC

LEADER 00000nam a2200000 a 4500
001 UCZ1785
003 CL-VaPUC
008 950907e19710000FR |||||||||||||||||fre|d
082 0 4 |a 944.0812  |b MAR  |2 21 
100 |a Martine, Paul  |e autor  |9 345417 
245 1 0 |a Souvenirs d'un insurgé: La Commune 1871 
300 |a 343 p 
942 |c BK 
945 |d 19950907 00:00:00  |a rbrito 
260 |a París  |b Librairie Académique Perrin  |c 1971 
650 7 |a HISTORIA DE FRANCIA SIGLO 19  |2 CL-VaPUC  |9 345418 
650 0 |a Revolución francesa  |9 324244 
651 0 |a Francia  |9 255157 
583 |a last modification  |c 20160826 03:41:10  |k Rodrigo Vera 
999 |c 238487  |d 238485 
952 |0 0  |1 0  |4 0  |6 944_081200000000000_MAR_1971  |7 0  |8 A  |9 248692  |a BIBHIS  |b BIBHIS  |d 2019-11-18  |i 3124207  |o 944.0812 MAR 1971  |p 3124207  |r 2025-01-20  |w 2019-11-18  |y BK  |k HIS